000 00518cam a22001814a 4500
005 20250605164115.0
008 250528s ||||||||||||||||||||||||d
035 _a18047
040 _aGR-AtMCL
_bgre
_dGR-AtMCL
_eAACR2
245 1 _aΑΥΤΟΓΝΩΣΙΑ ΑΥΤΟΑΝΑΛΥΣΗ-ΑΥΤΟΕΛΕΓΧΟΣ
250 _a5
260 _bΕλληνικά Γράμματα,
_c1998
300 _a192
700 1 _aΚαλατζι-Αζιζι Αναστασια
_94338
942 _cBK
999 _c3439
_d3439